| 000 | 00589nam a2200193 a 4500 | ||
|---|---|---|---|
| 001 | 588 | ||
| 003 | CDMR | ||
| 005 | 20131104140413.0 | ||
| 008 | 130130s1963||||||||||||||||||||||||||||d | ||
| 040 |
_aCDMR _bcat _cCDMR |
||
| 100 | 1 |
_aRamos Martínez, Raúl _9436 |
|
| 245 | 1 | 0 |
_aCorrección de pruebas tipográficas _cpor R. Ramos Martínez |
| 260 |
_aMéxico _c1963 _bUnión tipográfica Hispano Americana |
||
| 300 | _a246 p. | ||
| 490 | 0 |
_aManuales Uteha. _aSección 6. Tecnología _v171 , 171a |
|
| 650 | 0 | 4 |
_94139 _aCorrecció de proves d'impremta |
| 650 | 0 | 4 |
_93457 _aEditors |
| 942 |
_cMON _2udc |
||
| 999 |
_c588 _d588 |
||